000 00717cab a2200241 4500
001 WB2906-20
008 090401t1993 xxu||||| |||| 00| 0 eng d
035 _a(Sirsi) u48479
041 _aeng
245 _aRising sea levels threaten
260 _c1993
350 _a0
490 _aTimes
_v6 February 1993, 5(1)
520 _aCambridge Environmental Research Consultant`s "Targets for coastal habitat recreation" (for English Nature) warns that rising sea levels threaten British coasts.
650 _aCOASTAL DEFENCE
650 _aCOASTAL EROSION
650 _aCOASTAL MANAGEMENT
650 _aGLOBAL WARMING
650 _aSEA LEVELS
690 _aCONSERVATION
942 _n0
948 _c04/03/1997
999 _c30453
_d30453